| 000 | 00475pab a2200157 454500 | ||
|---|---|---|---|
| 008 | 180718b1995 xxu||||| |||| 00| 0 eng d | ||
| 245 | _aRURAL water supply programme in Andhra Pradesh and Uttar Pradesh: a case study | ||
| 260 | _c1995 | ||
| 300 | _ap.71-111 | ||
| 362 | _aApr-Jun | ||
| 650 | _aRural development - India - Andhra Pradesh - Case studies | ||
| 650 | _aWater supply - India | ||
| 650 | _aWater supply | ||
| 773 | _aManagement in Government | ||
| 909 | _a32010 | ||
| 999 |
_c32010 _d32010 |
||